书目信息 |
| 题名: |
三里湾
|
|
| 作者: | 赵树理 著 | |
| 分册: | ||
| 出版信息: | 北京 人民文学出版社 1980 |
|
| 页数: | 229页 | |
| 开本: | 19cm | |
| 丛书名: | ||
| 单 册: | ||
| 中图分类: | I247.5 , I247.54 | |
| 科图分类: | ||
| 主题词: | 长篇小说--中国--现代 , 小说--中国 | |
| 电子资源: | ||
| ISBN: | ||
| 000 | 00628nam0 2200241 45 | |
| 001 | 0180006770 | |
| 005 | 20060721171551.92 | |
| 010 | @dCNY0.52 | |
| 091 | @a10019.477 | |
| 100 | @a19960215d1980 em y0chiy0121 ea | |
| 101 | 0 | @achi |
| 102 | @aCN@b110000 | |
| 105 | @af z 000ay | |
| 200 | 10 | @a三里湾@Asan li wan@f赵树理著 |
| 210 | @a北京@c人民文学出版社@d1980 | |
| 215 | @a229页@c图@d19cm | |
| 606 | @a长篇小说@y中国@z现代 | |
| 606 | 0 | @a小说@x中国 |
| 690 | @aI247.5@v3 | |
| 690 | @aI247.54@v3 | |
| 701 | 0 | @a赵树理@Azhao shu li@4著 |
| 801 | 0 | @aCN@bNLC@c20060721 |
| 905 | @dI247.5@e123@f1@b39648@b75076@f1@f1@b75078 | |
| 三里湾/赵树理著.-北京:人民文学出版社,1980 |
| 229页:图;19cm |
| ISBN :CNY0.52 |
| ● |
| 相关链接 |
|
|
|
|
正题名:三里湾
索取号:I247.5/123
 
预约/预借
| 序号 | 登录号 | 条形码 | 馆藏地/架位号 | 状态 | 备注 |
| 1 | 0039648 | 000786723 | 第二借阅区/ [索取号:I247.5/123] | 在馆 | |
| 2 | 0075076 | 000768930 | 第二借阅区/ [索取号:I247.5/123] | 在馆 | |
| 3 | 0075078 | 001649005 | 第二借阅区/ [索取号:I247.5/123] | 在馆 | |
| 4 | 0426878 | 204268782 | 密集书库/ [索取号:I247.5/123] | 在馆 |